Láseres y sus aplicaciones / (Record no. 89511)

MARC details
000 -LEADER
campo de control de longitud fija 00674nam a2200217 i 4500
001 - NÚMERO DE CONTROL
campo de control 89511
003 - IDENTIFICADOR DE NÚMERO DE CONTROL
campo de control ES-MaACL
007 - CAMPO FIJO DE DESCRIPCIÓN FÍSICA--INFORMACIÓN GENERAL
campo de control de longitud fija t|
008 - DATOS DE LONGITUD FIJA--INFORMACIÓN GENERAL
campo de control de longitud fija 050111s1986 sp ||||1| spa d
020 ## - NÚMERO INTERNACIONAL ESTÁNDAR DEL LIBRO
Número Internacional Estándar del Libro 84-00-06326-0
245 00 - MENCIÓN DEL TÍTULO
Título Láseres y sus aplicaciones /
Mención de responsabilidad, etc. J. Manuel Orza Segade, coordinador.
260 ## - PUBLICACIÓN, DISTRIBUCIÓN, ETC.
Lugar de publicación, distribución, etc. Madrid :
Nombre del editor, distribuidor, etc. Consejo Superior de Investigaciones Científicas,
Fecha de publicación, distribución, etc. 1986.
300 ## - DESCRIPCIÓN FÍSICA
Extensión XVI, 313 p. :
Otras características físicas il. ;
Dimensiones 24 cm.
490 1# - MENCIÓN DE SERIE
Mención de serie Nuevas tendencias ;
Designación de volumen o secuencia 1
500 ## - NOTA GENERAL
Nota general Indice.
504 ## - NOTA DE BIBLIOGRAFÍA, ETC.
Nota de bibliografía, etc. Bibliografía.
700 1# - ENTRADA AGREGADA--NOMBRE PERSONAL
Nombre de persona Orza Segade, José Manuel.
9 (RLIN) 87711
830 0# - PUNTO DE ACCESO ADICIONAL DE SERIE-TÍTULO UNIFORME
Título uniforme Nuevas tendencias ;
Designación de volumen o secuencia 1
9 (RLIN) 186417
852 ## - LOCALIZACIÓN
Ubicación ES-MaACL
Número de control de estantería G-7001
Sublocalización o colección R.114327
Holdings
Estatus retirado Estado de pérdida Estado de daño No para préstamo Biblioteca de origen Biblioteca actual Ubicación en estantería Fecha de adquisición Fuente de adquisición Total de préstamos Signatura topográfica completa Código de barras Visto por última vez Precio de reemplazo Tipo de ítem Koha
        Biblioteca del Ateneo de Madrid Biblioteca del Ateneo de Madrid Depósito 2 17/01/2008     G-7001 1093483 23/02/2023 23/02/2023 Libro impreso